000 00797nam a2200253Ia 4500
003 GCL
008 140319s9999 xx 000 0 ara d
040 _aGCL /
_cGCL
082 0 4 _a355.43
_bك ا
100 1 _aكاهن جيروم
245 1 0 _aالامن فى العصر النووى /
_cكاهن جيروم
700 1 _aنافع ايوب
700 1 _aسعيد طيان
260 _a[S.N] :
_bمركز الدراسات العسكرية ،
_c1982
300 _a576 ص
490 _a
650 0 4 _aالاتحاد السوفيتى
650 0 4 _aالولايات المتحدة الامريكية
650 0 4 _aالاستراتيجية
650 0 4 _aالقوى العظمى
650 0 4 _aالاسلحة الذرية
650 0 4 _aالاسلحة والتسليح
942 _2ddc
_cBK
999 _c35037
_d35037